Ingeniería de costos y administración de proyectos

Gardado en:
Detalles Bibliográficos
Main Authors: Ahuja, H. N (Author), Walsh, Michael A (Author)
Formato: Libro
Idioma:Lingua castelá
Publicado: Ciudad de México Alfaomega 1989
Subjects:
Tags: Engadir etiqueta
Sen Etiquetas, Sexa o primeiro en etiquetar este rexistro!

MARC

LEADER 00000nam a2200000 a 4500
001 UCY1294
003 CL-VaPUC
008 940826e19890000MX |||||||||||||||||spa|d
020 |a 9686062971 
082 0 4 |a 658.1552  |b AHU  |2 21 
100 0 |a Ahuja, H. N  |e author  |9 329238 
700 0 |a Walsh, Michael A  |e author  |9 329239 
245 1 0 |a Ingeniería de costos y administración de proyectos 
300 |a 373 p 
942 |c BK 
945 |d 19940826 00:00:00  |a mfernand 
260 |a Ciudad de México  |b Alfaomega  |c 1989 
650 0 |a Costos   |9 261063 
650 0 |a Costos industriales   |9 306210 
583 |a last modification  |c 20150714 05:29:26  |k Rodrigo Vera 
999 |c 230043  |d 230041 
952 |0 0  |1 0  |4 0  |6 658_155200000000000_AHU_1989  |7 0  |8 A  |9 231875  |a BIBMEC  |b BIBMEC  |d 2019-11-15  |i 3015769  |o 658.1552 AHU 1989  |p 3015769  |r 2024-01-19  |w 2019-11-15  |y BK  |k MEC